000 00868nam a2200253Ia 4500
003 OSt
005 20220930192610.0
006 a|||||r|||| 00| 0
007 ta
008 220926b |||||||| |||| 00| 0 eng d
024 _a10373
037 _cDissertations
040 _aCRL
_cCRL
_beng
041 _2eng
_aeng
100 _aLohia Ved Prakash
_9561379
110 _aUniversity of Delhi. Faculty of Medical Sciences. Department of Medicine
245 0 _aSerum cholestrol and lipoproteins in male and female survivors of myocardial infarction and their first degree relatives
260 _c1974
650 _aMEDICINE
700 _a Dr P D Nigam Supervisor
_9524375
700 _aUniversity of Delhi. Faculty of Medical Sciences. Department of Medicine
942 _cDIS
_2CC
999 _c895375
_d895375